Dialéctica del iluminismo /

Guardado en:
Autor Principal: Horkheimer, Max
Otros Autores: Adorno, T. W., Murena, H. A., trad.
Formato: Libro
Publicado: Buenos Aires : Sudamericana, 1987
Materias:
Etiquetas: Agregar Etiqueta
Sin Etiquetas, Sea el primero en etiquetar este registro!
LEADER 00602nam a22002055a 4500
001 CEM.cems009329
005 20090226093630.0
008 130507s1987##################000#0#####d
003 CEMS
020 |a 9500704641 
082 0 4 |a 901 
100 1 |a Horkheimer, Max 
245 1 0 |a Dialéctica del iluminismo /  |c M. Horkheimer, T. W. Adorno ; traducción de H. A. Murena 
260 |a Buenos Aires :  |b Sudamericana,  |c 1987 
300 |a 303 p. 
653 |a Historia 
653 |a Iluminismo 
700 1 |a Adorno, T. W. 
700 1 |a Murena, H. A., trad. 
859 |a CEMS  |b BIB. CEMS - 11 de abril  |h 901  |i H782  |p 18982.96  |t Ej.1